| 000 | 00492 a2200145 4500 | ||
|---|---|---|---|
| 020 | _aN/S | ||
| 040 | _aULA-LD-MS | ||
| 082 | _a658.3 | ||
| 100 |
_91069 _aNETO,Felismina da Conceiȯ̂ |
||
| 245 | _aA Gestô do Capital Intelectual como Estrategia para o Desnvolvimento da Administraȯ̂ Publica -Estudo de caso Administraȯ̂ Municipal da Baia -Farta -Bengula | ||
| 260 |
_aLuanda, _bUniversidade Lusiada _c2024. |
||
| 300 | _a98p | ||
| 650 | _aGestô de Recursos Humanos | ||
| 942 | _cTFC | ||
| 999 |
_c2247 _d2247 |
||